Statistics for 寻找孑孓游戏 Find the bugs!

Click here to take the quiz!

General Stats

  • This quiz has been taken 24 times
    (23 since last reset)
  • The average score is 16 of 20

Answer Stats

位置% Correct
F2
100%
C2
96%
D7
96%
I2
96%
D11
91%
E16
87%
B21
83%
C14
83%
D19
83%
G11
83%
C23
78%
J18
78%
E5
74%
L5
74%
H21
70%
I27
70%
A33
65%
J28
61%
K11
57%
H9
52%

Score Distribution

Percentile by Number Answered

Percent of People with Each Score

Your Score History

You have not taken this quiz since the last reset